Представление документа в формате RUSMARC

ПолеНазваниеЗначение
  Тип записи a
  Библиографический уровень m
001 Контрольный номер RU/CBS_UL/BASE/567178654
005 Дата корректировки 20240209174759.0
010 Индекс ISBN __
a ISBN 978-5-386-00419-4
b Уточнения в пер.
d Цена 30 р. 00 к.
9 Тираж 5 000 экз.
100 Данные общей обработки __
a Данные общей обработки 20171221d2017 ||| 0rusy0189 ca
101 Язык документа 0_
a Язык текста rus
102 Страна публикации __
a Страна публикации RU
105 Кодированные данные (монография) __
a Кодированные данные (монография) y###||||000|y
200 Заглавие и сведения об ответственности 1_
a Заглавие Внутренняя отделка
b Общее обозначение материала Текст
e Сведения, относящиеся к заглавию современные материалы и технологии
g Последующие сведения об ответственности [ред.-сост. Д. В. Нестерова]
210 Выходные данные 1_
a Место издания Москва
c Издательство РИПОЛ КЛАССИК
d Дата издания 2008
215 Физическое описание __
a Объем 317, [2] с.
c Иллюстрации/тип воспроизводства ил.
d Формат 20,5 см.
225 Серия 0_
a Серия Правильный дом
300 Общие примечания __
a Общие примечания Ограничения по возрасту - 18+
606 Тематические рубрики 0_
a Основная рубрика Жилые дома - Отделка
610 Ключевые слова 0_
a Ключевые слова отделочные работы
a Ключевые слова облицовочные работы
a Ключевые слова ремонт
a Ключевые слова дизайн интерьера
686 Индексы других классификаций __
a Классификационный индекс 38.639
2 Код системы ББК
801 Источник записи _0
a Страна RU
b Организация МБУК ЦБС
c Дата составления 20171221
g Правила каталогизации RCR
801 Источник записи _1
a Страна RU
b Организация МБУК ЦБС г. Ульяновска
c Дата составления 20171221
g Правила каталогизации RCR
899 Данные о местонахождении __
i Авторский знак В 60
j Расстановочный фильтр 38.639
901 Тип документа __
t Тип документа m
910 Корректоры записи __
a Корректор записи Тихонова